Statistiche per Elenca la formazione - Quiz n°40

Clicka qui per fare il quiz!

Statistiche generali

  • Questo quiz è stato fatto 19 volte
  • Il punteggio medio è 10 su 11

Statistiche sulle risposte

RuoloNazioneCalciatore% Corretto
DifensoreSpagnaGerard Piqué
100%
CentrocampistaCroaziaIvan Rakitić
100%
DifensoreSpagnaJordi Alba
100%
AttaccanteArgentinaLionel Messi
100%
AttaccanteUruguayLuis Suárez
100%
CentrocampistaSpagnaSergio Busquets
100%
DifensoreSpagnaSergi Roberto
89%
DifensoreFranciaSamuel Umtiti
83%
CentrocampistaSpagnaAndrés Iniesta
78%
PortierePaesi BassiJasper Cillessen
78%
CentrocampistaBrasilePhilippe Coutinho
50%

Distribuzione punteggi

Percentile per numero di risposta

Percentuale di utenti per punteggio

I tuoi punteggi nel tempo

Non hai fatto questo quiz